| 000 | 00841cam a22002295a 4500 | ||
|---|---|---|---|
| 001 | L154794 | ||
| 002 | 19029 | ||
| 008 | 120118s2011 xxk f 000 0 eng d | ||
| 020 | _a9781846742651 | ||
| 035 | _a(Sirsi) u154794 | ||
| 041 | 0 | _aeng | |
| 050 | 0 | 4 | _a720.9 $2 18 |
| 100 | 1 | _aYorke, Trevor | |
| 245 | 0 | 0 | _aTracing the history of houses |
| 260 |
_aBerkshire _bCountryside Books _c2011 |
||
| 350 | _a9.95 | ||
| 520 | _aGives details on how to date a house using its physical features as a guide. Also details how to spot changes that have been made to a property over the centuries. Includes information on sources that can help with dating a property and its history, with a list of useful websites and a detailed glossary. | ||
| 590 | _aKA | ||
| 651 | 4 |
_aUnited Kingdom _y |
|
| 690 |
_aResidential property _96266 |
||
| 942 | _n0 | ||
| 999 |
_c113158 _d113158 |
||